000 00590nam a22001817a 4500
005 20240130130203.0
008 240130b |||||||| |||| 00| 0 eng d
020 _a9780702198618
041 _aEnglish
082 _a344.1 DUT
100 _aDu Toit, D and Potgieter, M
_lEnglish
245 _aUnfair Discrimination in the Workplace /
_cD Du Toit and M Potgieter
250 _aFirst Edition
260 _aCape Town :
_bJuta and Company (Pty) Ltd,
_c2014
300 _bxii, 193 pages ;
_c26 cm.
650 _aLegal practice
_bLaw
942 _cBK
_6ALISON_BN_VRIES
999 _c1305
_d1305